000
00270nam a2200121Ia 4500
100
_a
Wagener& Arthur
942
_c
BK
654
_a
machine
245
_a
Theory & Practice Machine Shop
260
_b
Affilated East West Press
_c
2001
300
_a
306
546
_a
ENGLISH
999
_c
23993
_d
23993